| 000 | 00546nam a2200193 a 4500 | ||
|---|---|---|---|
| 001 | 1479 | ||
| 003 | CDMR | ||
| 005 | 20131014101730.0 | ||
| 008 | 130130s2002||||||||||||||||||||||||||||d | ||
| 020 | _a8401378141 | ||
| 040 |
_aCDMR _bcat _cCDMR |
||
| 100 | 1 |
_aOlmos, Víctor _91101 |
|
| 245 | 1 | 0 |
_aHistoria del ABC _b: [100 años clave en la historia de España] _cVíctor Olmos |
| 260 |
_aBarcelona _c2002 _bPlaza & Janés |
||
| 300 |
_a719p ; _c23 cm |
||
| 610 | 2 |
_990 _aABC (Diari) _xHistòria |
|
| 650 | 0 | 4 |
_91130 _aPremsa _xHistòria |
| 942 |
_cMON _2udc |
||
| 999 |
_c1479 _d1479 |
||